Africa Quiz - Statistics

General Stats
  • This quiz has been taken 24 times
  • The average score is 10 of 15
Answer Stats
Hint Answer % Correct
Most populous country Nigeria
100%
Tallest mountain Kilimanjaro
90%
Most urbanized country South Africa
90%
Most spoken first language Arabic
85%
Biggest economy Egypt
85%
Waterfall often said to be the biggest worldwide Victoria Falls
80%
Most developped country on mainland Africa Algeria
75%
Portuguese-speaking country on the Atlantic coast Angola
75%
Major mountain range in the Maghreb Atlas
70%
Coloniser of that country France
70%
Desert mostly in Botswana, Namibia and South Africa Kalahari desert
70%
Film industry of that country Nollywood
50%
Biggest ethnic group of Nigeria Igbo
45%
Most developped region Maghreb
20%
Largest region of Ethiopia Oromia
15%
No matching quizzes found
Score Distribution
Percent of People with Each Score
Percentile by Number Answered
Your Score History
You have not taken this quiz